LEADER 05097nam 2200733 450 001 9910461026303321 005 20210729195046.0 010 $a0-8261-2768-1 035 $a(CKB)3710000000513392 035 $a(EBL)4096375 035 $a(SSID)ssj0001572041 035 $a(PQKBManifestationID)16220719 035 $a(PQKBTitleCode)TC0001572041 035 $a(PQKBWorkID)12555337 035 $a(PQKB)11780339 035 $a(MiAaPQ)EBC4096375 035 $a(Au-PeEL)EBL4096375 035 $a(CaPaEBR)ebr11121126 035 $a(CaONFJC)MIL849594 035 $a(OCoLC)928999159 035 $a(EXLCZ)993710000000513392 100 $a20151208h20162016 uy 0 101 0 $aeng 135 $aur|n|---||||| 181 $ctxt 182 $cc 183 $acr 200 10$aGlobal population health and well-being in the 21st century $etoward new paradigms, policy, and practice /$fGeorge R. Lueddeke ; acquisitions editor Sheri W. Sussman ; production editor Michael O'Connor 210 1$aNew York, New York :$cSpringer Publishing Company,$d2016. 210 4$dİ2016 215 $a1 online resource (510 p.) 300 $aDescription based upon print version of record. 311 $a0-8261-2767-3 320 $aIncludes bibliographical references at the end of each chapters and index. 327 $aAbout the Author; Title Page; Copyright; Dedication; Contents; Foreword; Preface; Acknowledgments; Introduction: Inspiring a New Vision; Share Global Population Health and Well-Being in the 21st Century; 1.0 A Snapshot of Public and Population Health Through the Ages; 1.1 Defining and Contextualizing Public and Population Health; 1.2 The New Public Health; 1.3 Historical Dimensions of Public Health: A Synopsis; 1.4 The Welch-Rose Report (1915); 1.5 Milestones in the 20th and Early 21st Centuries; References; 2.0 Contemporary Challenges in Public Health 327 $a2.1 Children's Lives "At a Glance": Spotlight on Six Nations2.2 Global Public Health: Reflections on the "Big" Picture; 2.3 Population Growth: Impact of Large-Scale Urbanization; 2.4 Our Fragile Ecosystems: Ensuring Planetary Health and Well-Being; 2.5 Problems of Modernity: Genetic Incongruence?; 2.6 Social Intolerances and Challenging Social Norms; References; 3.0 Public Health: The Impending Financial Crisis; 3.1 Affordability of an Aging Population: Should We Be Worried?; 3.2 Funding of Public Health: Rebalancing the Equation?; References 327 $a4.0 World Health Reforms (UN, WHO, and The World Bank) in the Early Years of the 21st Century4.1 Progress on the UN Millennium Development Goals and Post-2015 Sustainable Development Goals: "Back to the Future?"; 4.2 Universal Health Coverage (UHC): "Myth or Reality?"; 4.3 The Global Strategy and Plan of Action on Public Health, Innovation, and Intellectual Property (GSPA-PHI): "Grappling" With Principles and Practice; 4.4 The World Bank: Historical Perspectives and Revitalizing for the 21st Century; 4.5 Toward a Revitalized World Order: "The End of an Era but a Salutary Wake Up Call"? 327 $aReferences5.0 Contemporary Approaches to Public Health Issues; 5.1 From Horizontal Policies to Shared Societal Goals; 5.2 Pervasive Influence of Health in All Policies (HiAP); 5.3 Case Examples of Preventive Strategies; 5.4 Reflections on Current Interventions; 5.5 Bridging the "Ingenuity Gap"; References; 6.0 Community-Centered Care and Evolving "Fifth" Wave Interventions in Public Health; 6.1 Professor Carl E. Taylor: Pioneer in Global Health; 6.2 Origins of Community-Based Primary Care and Public Health; 6.3 The Alma-Ata Declaration; 6.4 "Restoring Health to Health Reform" 327 $a6.5 Integrated Service Delivery: The "Missing Link?"6.6 Case Examples of Shifting Toward "Prevention Over Cure" in Developing and Developed Nations; 6.7 Transitioning From a "Sick" Care to a "Well-Being" Culture; 6.8 The Essence and Dimensions of an Integrative and Ecological Public Health Framework; 6.9 Applying "Fifth" Wave Thinking to Complex Public Health Problems or Issues; 6.10 Advancing Social Accountability and Human Rights at National and Community Levels-Dr. Gerald Paccione: Physician "Extraordinaire"; References; 7.0 Toward a New Worldview 327 $a7.1 Rationales for Fundamental Paradigm Shifts 606 $aWorld health 606 $aPublic health 606 $aPublic Health$xtrends 606 $aGlobal Health$xtrends 606 $aPublic Health Practice 606 $aHealth Policy 608 $aElectronic books. 615 0$aWorld health. 615 0$aPublic health. 615 12$aPublic Health$xtrends. 615 12$aGlobal Health$xtrends. 615 22$aPublic Health Practice. 615 22$aHealth Policy. 676 $a362.1 700 $aLueddeke$b George R.$01000812 702 $aSussman$b Sheri W. 702 $aO'Connor$b Michael 801 0$bMiAaPQ 801 1$bMiAaPQ 801 2$bMiAaPQ 906 $aBOOK 912 $a9910461026303321 996 $aGlobal population health and well-being in the 21st century$92297294 997 $aUNINA LEADER 03690nam 2200721 a 450 001 9910781203603321 005 20230725050541.0 010 $a0-8389-9041-X 010 $a1-283-14803-X 010 $a9786613148032 010 $a0-8389-9899-2 035 $a(CKB)2550000000039767 035 $a(EBL)718901 035 $a(OCoLC)739049503 035 $a(SSID)ssj0000534977 035 $a(PQKBManifestationID)12179702 035 $a(PQKBTitleCode)TC0000534977 035 $a(PQKBWorkID)10520575 035 $a(PQKB)10756710 035 $a(MiAaPQ)EBC718901 035 $a(Au-PeEL)EBL718901 035 $a(CaPaEBR)ebr10482272 035 $a(CaONFJC)MIL314803 035 $a(EXLCZ)992550000000039767 100 $a20091028d2010 uy 0 101 0 $aeng 135 $aurcn||||||||| 181 $ctxt 182 $cc 183 $acr 200 00$aChildren's services$b[electronic resource] $epartnerships for success /$fedited by Betsy Diamant-Cohen 210 $aChicago $cAmerican Library Association$d2010 215 $a1 online resource (129 p.) 225 1 $aALA public library handbook series 300 $aDescription based upon print version of record. 311 $a0-8389-1044-0 320 $aIncludes bibliographical references and index. 327 $aThe Big Tree Library / Janet Johnson -- Crossing cultural borders : serving immigrant families / Dorothy Stoltz ... [et al.] -- Language fun storytime : serving children with speech and language delays / Tess Prendergast and Rhea Lazar -- Reaching Little Heights / Catherine Hakala-Ausperk -- Thrive by Five reading readiness initiative / Elizabeth M. Gray and Candelaria Mendoza -- Inviting police to read at your library / Linda Schwartz -- Children of incarcerated parents : public libraries reaching out / Shelley Quezada -- ReadsinMA.org : statewide summer reading program goes online / Maureen Ambrosino -- BLAST school outreach program / Georgene DeFilippo -- Braille that stands out in more ways than one / Deborah J. Margolis -- Party with your partners : plan a kids' book fest! / Starr LaTronica -- Borrow a book-- at the museum / Carol Sandler -- Countdown to kindergarten / Jeri Robinson and Krystal Beaulieu -- Saving money through family literacy collaborations / Wendy Blackwell ... [et al.] -- Small libraries help one another in a big way / Leah Wagner -- SmartArt / Ellen Riordan and Emily Blumenthal -- Teaching storytelling to youth : a library, a school, and an art institute collaborate / Cathy Lancaster and Brenda Harris -- Science in the summer / Margie Stern. 330 $aBetsy Diamant-Cohen brings together 18 examples of successful outreach partnerships that children's librarians and administrators can adapt to their own situations. 410 0$aALA public library handbook series. 606 $aChildren's libraries$zUnited States 606 $aChildren's libraries$zCanada 606 $aLibrary outreach programs$vCase studies 606 $aLibraries and schools$vCase studies 606 $aLibraries and community$vCase studies 606 $aReading promotion$vCase studies 606 $aLiteracy programs$vCase studies 615 0$aChildren's libraries 615 0$aChildren's libraries 615 0$aLibrary outreach programs 615 0$aLibraries and schools 615 0$aLibraries and community 615 0$aReading promotion 615 0$aLiteracy programs 676 $a027.62/50973 701 $aDiamant-Cohen$b Betsy$01476775 801 0$bMiAaPQ 801 1$bMiAaPQ 801 2$bMiAaPQ 906 $aBOOK 912 $a9910781203603321 996 $aChildren's services$93691551 997 $aUNINA